ბათუმის შოთა რუსთაველის სახელმწიფო უნივერსიტეტის ბიბლიოთეკა

ქართულ-სომხური საეკლესიო ურთიერთობები : (ბიბ.ჩანაწერი № 36767)

000 -ლიდერი
ფიქსირებული სიგრძის საკონტროლო ველი 01188nam a2200217Ia 4500
001 - საკონტროლო ნომერი
საკონტროლო ველი 2706
003 - საკონტროლო ნომრის იდენტიფიკატორი
საკონტროლო ველი GE_BSU
005 - ბოლო ოპერაციის თარიღი და დრო
საკონტროლო ველი 20190605185114.0
008 - ფიქსირებული სიგრძის მონაცემთა ელემენტები - ზოგადი ინფორმაცია
ფიქსირებული სიგრძის საკონტროლო ველი 181216s2011||||ge |||||||||||||| ||geo||
020 ## - წიგნის საერთაშორისო სტანდარტული ნომერი
International Standard Book Number 9789941200106
040 ## - კატალოგიზაციის წყარო
Transcribing agency GE_BSU
080 ## - უნივერსალური ათობითი კლასიფიკაციის ინდექსი
Universal Decimal Classification number 271222(479.22)+271.72(479.25)
100 ## - მთავარი ჩანაწერი - პიროვნების სახელი
Personal name ჯაფარიძე, ანანია მიტროპოლიტი
9 (RLIN) 2177
245 ## - ცნობა სათაურის შესახებ
Title ქართულ-სომხური საეკლესიო ურთიერთობები :
Remainder of title ეძღვნება სტუ-ს თეოლ. სასწ.-სამეცნ. ცენტრის 10 წლის იუბილეს /
Statement of responsibility, etc მიტროპოლიტი ანანია ჯაფარიძე ; სამეცნ. რედ. ი. გორგიძე
264 ## - წარმოების, გამოცემის, დისტრიბუციის და სხვა ცნობები
გამოცემის, წარმოების, დისტრიბუციის... ადგილი თბილისი :
გამოცემის, წარმოების, დისტრიბუციის... სახელწოდება ტექნ. უნ-ტი,
გამოცემის, წარმოების, დისტრიბუციის... თარიღი 2011.
300 ## - ფიზიკური აღწერა
Extent 427 გვ. ;
Other physical details 21 სმ.
653 ## - INDEX TERM--UNCONTROLLED
Uncontrolled term საქართველოს მართლმადიდებელი ეკლესია
653 ## - INDEX TERM--UNCONTROLLED
Uncontrolled term სომხური ეკლესია
700 ## - ADDED ENTRY--PERSONAL NAME
Personal name გორგიძე, ი.
Relator term რედაქტორი
9 (RLIN) 2178
942 ## - ADDED ENTRY ELEMENTS (KOHA)
Koha item type წიგნი
Source of classification or shelving scheme
ეგზემპლარები
ჩამოწერის სტატუსი დაკარგული ეგზემპლარის სტატუსი კლასიფიკაციის წყარო ან თაროზე გაწყობის სქემა დაზიანების სტატუსი არ გაიცემა მუდმივი მდებარეობა (დაცვის ადგილი) ამჟამინდელი ადგილსამყოფელი თაროზე განთავსების ადგილი შეძენის თარიღი ღირებულება, შესყიდვის ნორმალური ფასი სრული შენახვის შიფრი შტრიხკოდი ბოლო ოპერაციის თარიღი ეგზემპლარის მიმდევრობითი ნომერი (კეტერი?) ფასის ძალაში შესვლის თარიღი ეგზემპლარის სახეობა საჯარო შენიშვნა
          ბათუმის შოთა რუსთაველის სახელმწიფო უნივერსიტეტის მთავარი ბიბლიოთეკა ბათუმის შოთა რუსთაველის სახელმწიფო უნივერსიტეტის მთავარი ბიბლიოთეკა წიგნსაცავი 2018-12-17 20.00 271222(479.22)+271.72(479.25) ჯ–26 4586 2018-12-17 4586 2018-12-17 წიგნი 20 ლ.